000 00595nam a2200217Ia 4500
003 OSt
005 20220926011518.0
006 a|||||r|||| 00| 0
007 ta
008 220923b |||||||| |||| 00| 0 eng d
037 _cGeneral Book
040 _aRTL
_cRTL
_beng
041 _2eng
_aeng
082 _aX;51b4.1.N9, P0/TD3
100 _aKumar V
_9257899
245 0 _aInternational marketing research
260 _aNew Jersey
_bPrentice-Hill
_c2000
300 _a448p
_ccm.
942 _hX;51b4.1.N9, P0/TD3
_cGB
_2CC
999 _c620289
_d620289